000 00498nam a2200145Ia 4500
008 100122s9999 xx 000 0 und d
082 _b49765
_a823
100 _aवाघमारे क्रांती
245 _aकिनाऱ्यापासून दूर
260 _bनीहारा प्रकाशन
_c1993
300 _a75
630 _aकिनाऱ्यापासून दूर
730 _aकिनाऱ्यापासून दूर
942 _cBOOK
999 _c427608
_d427605